| 000 | 02610nam a2200385 i 4500 | ||
|---|---|---|---|
| 001 | 000015228 | ||
| 003 | DO-SdBNP | ||
| 005 | 20250613100439.0 | ||
| 007 | ta | ||
| 008 | 100203s2000 dr 001 0 spa d | ||
| 020 | _a9993401587 | ||
| 040 |
_aDO-SdBNP _bspa _cBNPHU _erda |
||
| 082 | 4 |
_a923.17293 _bH549L 2000 _222 |
|
| 100 | 1 |
_aDíaz, Vigil, _d1880-1961 _eautor _4aut. _922114 |
|
| 245 | 1 | 0 |
_aLilís ; _bEl tirano Ulises Heureaux, o, Veinte años de historia tenebrosa de América / _cVigil Díaz, Horacio Blanco Fombona ; presentación Julio Genaro Campillo Pérez. |
| 246 | 1 | 3 | _aVeinte años de historia tenebrosa de América |
| 250 | _aSegunda edición | ||
| 264 |
_aSanto Domingo : _bEdiciones Librería La Trinitaria, _c2000. |
||
| 300 |
_a199 páginas ; _c22 cm. |
||
| 336 |
_atexto _btxt _2rdacontent |
||
| 337 |
_asin mediación _bn _2rdamedia |
||
| 338 |
_avolumen _bnc _2rdacarrier |
||
| 490 | 0 |
_aEdiciones Librería La Trinitaria ; _v52 |
|
| 501 | _aPublicado con : El tirano Ulises Heureaux, o, Veinte años de historia tenebrosa de América /Horacio Blanco Fombona. | ||
| 505 | 0 |
_aPresentación de una nueva edición / _rDr Julio Genaro Campillo Pérez -- _tEl tirano Ulises Heureaux / _rHoracio Blanco Fombona -- _tLiminar -- _tInfancia y adolescencia del tirano -- _tEl oficial luperonista -- _tEn la primera magistratura -- _tLos fusilamientos -- _tAnécdotas que lo revelan -- _tLilís y la independencia de Cuba -- _tRetrato de Lilís -- _tEl aventurero financista en la política hispanoamericana -- _tCarta de amor de Lilís a una dama francesa -- _tLa muerte del tirano -- _tOrígenes del código de la muerte -- _tEl Código de la Muerte. |
|
| 505 | 0 |
_gLilís / _rVigil Díaz -- _tAl lector -- _tEl Cabao -- _tEl combate -- _tDe los seis años -- _tUn calambur -- _tLa revolución de Moya -- _tUna vocación frustrada -- _tEl fiao -- _tEl general Cuyaya -- _tLas píldoras de Zocoto -- _tLa espada de honor -- _tLa prudencia -- _tEl araguato -- _tEl tramojo -- _tUn consejo -- _tUna fábrica de sombreros -- _tNo meneallo -- _tUna caldera -- _tUn cochero -- _tEl General Barba Cufá -- _t¿Expedición punitiva? -- _tEl último viaje. |
|
| 563 | _aDos obras encuadernadas juntas con paginación contínua. | ||
| 590 | _aInventariado, 2020/VM | ||
| 600 | 1 | 4 |
_aHeureaux, Ulises _d1845-1899 _vAnécdotas, chistes, sátiras etc. _934051 |
| 651 | 0 |
_aRepública Dominicana -- _xHistoria -- _y1844-1930 _91009 |
|
| 700 | 1 |
_aBlanco Fombona, Horacio, _d1989-1948 _tEl tirano Ulises Heureaux _934470 |
|
| 700 | 1 |
_aCampillo Pérez, Julio Genaro _913954 |
|
| 910 | _aValidado. Control de calidad EMS | ||
| 942 |
_2ddc _cLBS1 |
||
| 999 |
_c14797 _d14797 |
||